Loading...
The Gene : A historical perspective
A history of the science of genetics discusses its roots in heredity, the discovery of DNA, the Human Genome Project, the applications of genetic work, and the controversy surrounding genetic engineering.
| Hovedforfatter: | |
|---|---|
| Format: | Printed Book |
| Serier: | Greenwood guides to great ideas in science.
|
| Fag: |
| LEADER | 01152nam a2200169Ia 4500 | ||
|---|---|---|---|
| 999 | |c 27676 |d 27676 | ||
| 020 | |a 9780313334498 | ||
| 082 | |a 576.509 EVE-G | ||
| 100 | |a Ted Everson | ||
| 245 | |a The Gene : A historical perspective | ||
| 300 | |a xviii, 188 p. : ill; 27 cm. | ||
| 490 | |a Greenwood guides to great ideas in science. | ||
| 505 | |a Ancient and medieval inheritance -- Renaissance and Enlightenment views of inheritance -- Heredity in the nineteenth century -- Gregor Mendel and the concept of the gene -- The gene and unifying biology -- Molecular biology and the gene -- The switch to DNA -- Manipulating DNA -- The human genome project -- Genetics today -- The gene and ethical issues. | ||
| 520 | |a A history of the science of genetics discusses its roots in heredity, the discovery of DNA, the Human Genome Project, the applications of genetic work, and the controversy surrounding genetic engineering. | ||
| 650 | |a Genetics -- History. Molecular genetics -- History. Heredity. | ||
| 942 | |c BK | ||
| 952 | |0 0 |1 0 |4 0 |6 576_509000000000000_EVEG |7 0 |9 30279 |a DCB |b DCB |d 2015-09-01 |l 0 |o 576.509 EVE-G |p DCB1076 |r 2015-09-01 |w 2019-07-19 |y BK | ||